000 00335nam a2200133Ia 4500
008 240624s9999 xx 000 0 und d
041 _aeng
082 _a005.1 PAN
100 _aPANNEERSELVAM R
245 _aDESIGN AND ANALYSIS OF ALGORITHMS
260 _c2007
_aNew Delhi
_bPHI
300 _axiv, : 426 : p. : cm. ; 23
365 _cRS
999 _c28779
_d28779